000 00638nam a2200217Ia 4500
003 GCL
008 140319s9999 xx 000 0 ara d
040 _aGCL /
_cGCL
082 0 4 _a301.36
_bم ن
100 1 _aمحمود الكردى
245 1 0 _aالنمو الحضرى (دراسة لظاهرة الاستقطاب الحضرى فى مصر) /
_cمحمود الكردى
260 _a[S.N] :
_bدار المعارف ،
_c1980
300 _a290 ص
490 _a
650 0 4 _aمصر
650 0 4 _aالاجتماع
650 0 4 _aالمدن
650 0 4 _aالقرى
650 0 4 _aالاجتماع الحضرى
942 _2ddc
_cBK
999 _c27683
_d27683